Devinez la Capitale Mystère #136 - Statistiques

Statistiques générales
  • Ce quiz a été pris 114 fois
  • Le résultat moyen est 26 sur 32
Statistiques - réponses
Type de Réponse Réponse % Correct
Lettre Trouvée A
100%
Lettre de l'Alphabet S
100%
Lettre de l'Alphabet I
99%
Lettre Trouvée N
99%
Lettre de l'Alphabet R
99%
Lettre de l'Alphabet E
98%
Lettre de l'Alphabet B
96%
Lettre de l'Alphabet L
96%
Lettre de l'Alphabet P
96%
Lettre de l'Alphabet O
94%
Lettre de l'Alphabet D
92%
Lettre Trouvée M
91%
Lettre de l'Alphabet U
89%
Lettre de l'Alphabet T
88%
Lettre Bien Placée A
86%
Lettre de l'Alphabet K
86%
Lettre de l'Alphabet G
85%
Lettre de l'Alphabet C
79%
Lettre Bien Placée M
78%
Lettre de l'Alphabet H
74%
Lettre de l'Alphabet V
74%
Lettre Bien Placée N
72%
Lettre de l'Alphabet W
71%
Lettre Bien Placée A
66%
Lettre de l'Alphabet Y
66%
Lettre de l'Alphabet J
60%
Lettre de l'Alphabet X
59%
Lettre de l'Alphabet Z
56%
Lettre de l'Alphabet F
55%
Lettre Bien Placée M
53%
Lettre de l'Alphabet Q
53%
Capitale Mystère Amman
51%
Aucun quiz correspondant
Distribution des résultats
% des personnes avec chaque résultat
Percentile par nombre de réponses
Votre historique - résultats
Vous n’avez pas pris ce quiz